Độ bền dai tách lớp và tính chất cơ học của vật liệu polyme compozit trên cơ sở nhựa epoxy epikote 828/OELO gia cường sợi cacbon, đóng rắn bằng xyanetyldietylentriamin /

Wedi'i Gadw mewn:
Manylion Llyfryddiaeth
Prif Awdur: Đặng Hữu Trung.
Awduron Eraill: Đoàn Thị Yến Oanh., Nguyễn Phạm Duy Linh., Trần Hải Ninh., Trần Vĩnh Diệu.
Fformat: Erthygl
Iaith:Vietnamese
Pynciau:
Tagiau: Ychwanegu Tag
Dim Tagiau, Byddwch y cyntaf i dagio'r cofnod hwn!
Thư viện lưu trữ: Thư viện Trường Đại học Đà Lạt
LEADER 01128nam a2200325 4500
001 DLU180184597
005 ##20180424
040 # # |a DLU  |b vie 
041 # # |a vie 
044 # # |a vn 
100 # # |a Đặng Hữu Trung. 
245 # # |a Độ bền dai tách lớp và tính chất cơ học của vật liệu polyme compozit trên cơ sở nhựa epoxy epikote 828/OELO gia cường sợi cacbon, đóng rắn bằng xyanetyldietylentriamin /  |c Đặng Hữu Trung, ... [và những người khác]. 
653 # # |a Composite materials 
653 # # |a Epoxidized linseed oil oligomer 
653 # # |a Epoxy resin 
653 # # |a Fracture toughness 
700 # # |a Đoàn Thị Yến Oanh. 
700 # # |a Nguyễn Phạm Duy Linh. 
700 # # |a Trần Hải Ninh. 
700 # # |a Trần Vĩnh Diệu. 
773 # # |t Hóa học  |g Số 6, 2015, tr. 760-765 
920 # # |a Phòng Tạp chí -- Trung tâm Thông tin - Thư viện Trường Đại học Đà Lạt 
994 # # |a DLU 
900 # # |a True 
911 # # |a Hoàng Thị Huyền 
925 # # |a G 
926 # # |a A 
927 # # |a BB 
980 # # |a Thư viện Trường Đại học Đà Lạt